000 00994nam a2200229 i 4500
001 162934
003 ES-MaACL
005 20251219203804.0
008 940615s1859 sp |||| | spa d
100 0 _aRamón Llull,
_cBeato,
_dca. 1232-1316?
_995219
245 1 0 _aObras rimadas de Ramón Lull /
_cescritas en idioma catalán-provenzal, publicadas por primera vez con un artículo biográfico, ilustraciones y variantes, y seguidas de un glosario de voces anticuadas por Gerónimo Rosselló.
250 _a1ª ed.
260 _aPalma :
_b[s.n.],
_c1859 (
_fImp. Pedro José Gelabert)
300 _a771 p. ;
_c24 cm.
530 _aDisponible en formato digital.
546 _aTexto en catalán y español.
700 1 _aRosselló, Geróni,
_d1827-1902
_999842
752 _aEspaña -
_dPalma de Mallorca
852 _aES-MaACL
_jG-8864
_z- Enc. hol.
856 _uhttp://bdh-rd.bne.es/viewer.vm?id=0000231766&page=1
_zBiblioteca Digital Hispánica
999 _c162934
_d162934